Online Catalogue and eLibrary

Law, Ethics and HIV/AIDSin South Asia : (Record no. 2826)

MARC details
000 -LEADER
fixed length control field 00328nam a2200097Ia 4500
008 - FIXED-LENGTH DATA ELEMENTS--GENERAL INFORMATION
fixed length control field 240331s9999 xx 000 0 und d
082 ## - DDC Classification
Item Number - Author Mark LAW
100 ## - MAIN ENTRY--PERSONAL NAME
Personal name UNDP. ed
245 #0 - TITLE STATEMENT
Title Law, Ethics and HIV/AIDSin South Asia :
Remainder of title A study of the legal and social environment of the epidemic in Bangladesh, India, Nepal and Sri Lanka
942 ## - Koha item type (Biblio)
Koha item type Books in Stacks (Lending)
Holdings
Lost status Damaged status Collection code Home library Current library Shelving location Date acquired Full call number Accession Number Item type
    Lending WERC Library WERC Library Social Science Cupboard 03/31/2024 340.11 LAW 5503 Books in Stacks (Lending)

© WERC Library